| 000 | 01515nam0a22002891 4500 | ||
|---|---|---|---|
| 001 | rc\4700142 | ||
| 005 | 20240312144043.0 | ||
| 021 |
_aRU _b[65-83119] |
||
| 035 | _a(NLR Aleph) 008718483 | ||
| 090 |
_a9402779 _c9402778 |
||
| 100 | _a20130416d1965 |||y0rusy50 ca | ||
| 101 | 0 | _arus | |
| 102 | _aRU | ||
| 105 | _ay ac ||||| | ||
| 200 | 1 |
_aПрисадки к топливам и маслам _eБиблиогр. указатель отеч. и иностр. книжной и журн. литературы за 1962 г. (VII-XII) - 1965 (II) _fСост. М.К. Шапекина _gГос. ком. нефтедобывающей пром-сти при Госплане СССР. Центр. науч.-техн. б-ка нефт. пром-сти. Центр. науч.-исслед. ин-т техн.-экон. исследований по нефт., нефтехим. и газовой пром-сти |
|
| 210 |
_aМосква _cБ. и. _d1965 |
||
| 215 |
_a92 с. _d20 |
||
| 606 |
_aМоторное топливо _xПрисадки _jБиблиография _2psbo |
||
| 606 |
_aСмазочные масла _xПрисадки _jБиблиография _2psbo |
||
| 702 | 1 |
_aШапекина _bМ. К. _4220 |
|
| 712 | 0 | 2 |
_aЦентральная науч.-техн. б-ка нефтяной промышленности _cМосква _3RU\NLR\AUTH\889967292 |
| 801 | 0 |
_aRU _bNLR _gpsbo |
|
| 801 | 1 |
_aRU _bELAR _2rusmarc |
|
| 852 |
_aNLR _jс769Нефт-410/П-77 |
||
| 942 | _cBOOK | ||
| 980 | _aNB | ||